[Event "ClubCh-EST"]
[Site "Tallinn EST"]
[Date "2002.04.06"]
[Round "7"]
[White "Tanav,T"]
[Black "Polonski,V"]
[Result "1-0"]
[WhiteElo "2230"]
[BlackElo "2117"]

1.Nf3 d5 2.c4 c6 3.d4 e6 4.Qc2 f5 5.Bg5 Be7 6.Bxe7 Qxe7 7.Nbd2 Nf6 8.e3 O-O
9.Bd3 Ne4 10.h3 Nd7 11.g4 Nd6 12.O-O-O b5 13.c5 Ne4 14.Rdf1 Kh8 15.Rh2 e5
16.gxf5 Nxd2 17.Nxd2 e4 18.Be2 Nf6 19.f4 Bxf5 20.Qd1 Qe6 21.Rfh1 a5 22.Qe1 Nd7
23.Bg4 Rf6 24.Rg2 a4 25.Rhg1 Rg8 26.Nf1 g6 27.Qh4 Rf7 28.Qg5 Qf6 29.Qh6 Qg7
30.Qh4 Qf6 31.Qf2 Rfg7 32.Ng3 Qh4 33.Nxe4 Qxf2 34.Nxf2 Rf7 35.Bxf5 Rxf5 36.Ng4 Re8
37.Kd2 Re6 38.b3 a3 39.b4 Rh5 40.Rg3 Nf6 41.Nxf6 Rxf6 42.Kc3 Rf8 43.Kb3 Ra8
44.Rf3 Kg7 45.Rg5 Rxg5 46.fxg5 h6 47.h4 Re8 48.Kxa3 Re4 49.Kb3 Rxh4 50.gxh6+ Rxh6
51.a4 bxa4+ 52.Kxa4 Rh1 53.Ka5  1-0

[Event "New White Plus GM open"]
[Site "Dhaka BAN"]
[Date "2002.04.08"]
[Round "10"]
[White "Roktim,B"]
[Black "Johannessen,LE"]
[Result "1/2-1/2"]
[WhiteElo "2315"]
[BlackElo "2427"]

1.Nf3 d5 2.c4 e6 3.d4 c6 4.Qc2 Nf6 5.Bg5 Nbd7 6.e3 Be7 7.Nc3 O-O 8.Bd3 a6
9.cxd5 exd5 10.h3 Re8 11.O-O Nf8 12.Bf4 Bd6 13.Bxd6 Qxd6 14.Rab1 Ng6 15.b4 Bd7
16.a4 b5 17.a5 Qe7 18.Bf5 Ne4 19.Bxd7 Qxd7 20.Ne2 Nd6 21.Nc1 Nc4 22.Qc3 Re7
23.Nb3 Rae8 24.Nc5 Qc8 25.Rfe1 f5 26.Nd3 Qc7 27.Nc5 f4 28.exf4 Nxf4 29.Rxe7 Rxe7
30.Kf1 Qd6 31.Re1 Qg6 32.g3 Rxe1+ 33.Qxe1 Nd3 34.Nxd3 Qxd3+ 35.Kg2 Qe4 36.Qc1 h6
37.h4 Kf7 38.Qc3 Ke6 39.Kg1 Kd6 40.Kf1 g6 41.Kg1 Ke6 42.Ne1 Kf5 43.f3 Qe6
44.Qd3+ Kf6 45.Kf2 Kf7 46.Qe2 Qf6 47.Qd3 Qe7 48.Nc2 Qe6 49.Kg2 Kf6 50.Kh2 Qe7
51.Kg2 Qe6 52.Kh2 Qe7  1/2-1/2

[Event "III Open"]
[Site "Dos Hermanas ESP"]
[Date "2002.04.08"]
[Round "4"]
[White "Ivanov,J"]
[Black "Pereira Figueroa,M"]
[Result "1-0"]
[WhiteElo "2410"]
[BlackElo "2106"]

1.Nf3 d5 2.c4 e6 3.d4 c5 4.e3 Nc6 5.Nc3 Nf6 6.cxd5 exd5 7.Be2 Be7 8.O-O O-O
9.b3 Ne4 10.Bb2 Bf6 11.Na4 Bg4 12.Rc1 Bxf3 13.gxf3 Ng5 14.Nxc5 Qe7 15.f4 Ne6
16.Bf3 Rfd8 17.Bg2 Rac8 18.Nd3 Nf8 19.f5 Qd7 20.Qh5 Qd6 21.Rc5 Ne7 22.Rfc1 Nd7
23.Rxc8 Nxc8 24.Qf3 Ne7 25.Qf4 Nb6 26.a4 Nc6 27.Qxd6 Rxd6 28.Nc5 Nd8 29.a5 Nd7
30.Ba3 Nb8 31.Ne4 Rd7 32.Nxf6+ gxf6 33.Rc5 Na6 34.Rxd5 Rxd5 35.Bxd5 Nc6 36.Bxc6 bxc6
37.Bd6  1-0

[Event "10th Hotel Opatija GM"]
[Site "Kastav CRO"]
[Date "2002.04.11"]
[Round "2"]
[White "Ribli,Z"]
[Black "Golubovic,B"]
[Result "1/2-1/2"]
[WhiteElo "2558"]
[BlackElo "2462"]

1.Nf3 d5 2.c4 e6 3.d4 c5 4.cxd5 exd5 5.g3 Nc6 6.Bg2 Nf6 7.O-O Be7 8.Nc3 O-O
9.Bg5 c4 10.Ne5 Be6 11.b3 Qa5 12.Nxc6 bxc6 13.Qc2 Rad8 14.e3 Rfe8 15.bxc4 dxc4
16.Bxf6 Bxf6 17.Rac1 Be7 18.Ne2 c5 19.d5 Bxd5 20.Bxd5 Rxd5 21.Qxc4 Rd2 22.a4 Rb8
23.Nf4 Rb4  1/2-1/2

[Event "10th Hotel Opatija GM"]
[Site "Kastav CRO"]
[Date "2002.04.14"]
[Round "6"]
[White "Mandekic,I"]
[Black "Varga,Zo"]
[Result "0-1"]
[WhiteElo "2293"]
[BlackElo "2510"]

1.Nf3 d5 2.c4 d4 3.d3 c5 4.g3 Nc6 5.Bg2 e5 6.O-O f6 7.Na3 Be6 8.Nc2 Qd7 9.a3 a5
10.Bd2 a4 11.Rb1 Bd6 12.b4 axb3 13.Rxb3 Nge7 14.Qb1 Rb8 15.Nfe1 O-O 16.f4 Ng6
17.fxe5 Ngxe5 18.Bf4 Qc7 19.Nf3 Nf7 20.Bxd6 Nxd6 21.Nd2 b6 22.Ne4 Nc8 23.Qc1 Ne5
24.Qf4 Na7 25.e3 dxe3 26.Nxe3 Nac6 27.Nc3 Nd4 28.Nb5 Nef3+ 29.Bxf3 Qxf4 30.gxf4 Nxb3
31.f5 Bf7 32.Rd1 Rfe8 33.Kf2 Rbd8 34.Nc7 Re5 35.Ncd5 b5 36.Ng4 Bxd5 37.Nxe5 Bxf3
38.Nxf3 bxc4 39.Ne1 Rd5 40.Ke3 Re5+ 41.Kf4 c3  0-1

[Event "10th Hotel Opatija GM"]
[Site "Kastav CRO"]
[Date "2002.04.15"]
[Round "8"]
[White "Bistric,F"]
[Black "Golubovic,B"]
[Result "0-1"]
[WhiteElo "2486"]
[BlackElo "2462"]

1.Nf3 d5 2.c4 c6 3.e3 Nf6 4.Nc3 a6 5.a4 e6 6.d4 c5 7.Be2 Nc6 8.O-O Be7 9.b3 cxd4
10.exd4 Ne4 11.Bb2 Nxc3 12.Bxc3 a5 13.Rc1 O-O 14.Re1 Bd7 15.Bd3 Ba3 16.Ra1 Bb4
17.Qd2 dxc4 18.bxc4 Bxc3 19.Qxc3 Nb4 20.Bb1 Bc6 21.Ne5 Qg5 22.Qh3 g6 23.Ra3 Qd2
24.Rae3 Rad8 25.d5 exd5 26.Ng4 Rd6 27.Qh4 dxc4 28.Nf6+ Rxf6 29.Qxf6 Nd5 30.Qd6 c3
31.R3e2 Qg5 32.Re5 Qd2 33.R5e2 Qf4 34.Re5 Qd2 35.R5e2 Qf4 36.Re5 Nb4 37.Qc5 Qg4
38.f3 Bxf3 39.Rg5 Qh4 40.Rg3 c2 41.Bxc2 Nxc2 42.Qxc2 Bc6 43.Qc3 Qxa4 44.Ra1 Qe4
45.Rxa5 Qb1+ 46.Kf2 Re8 47.Ra1 Qb6+  0-1

[Event "chJ-POL b20"]
[Site "Trzebinia POL"]
[Date "2002.04.18"]
[Round "9"]
[White "Jakubowski,K"]
[Black "Tomczak,Raf"]
[Result "1-0"]
[WhiteElo "2464"]
[BlackElo "2384"]

1.Nf3 d5 2.c4 dxc4 3.Na3 a6 4.Nxc4 Nf6 5.g3 e6 6.Bg2 Be7 7.O-O O-O 8.d4 c5
9.dxc5 Bxc5 10.Nfe5 Nbd7 11.Nxd7 Nxd7 12.Bf4 Qe7 13.Bd6 Bxd6 14.Qxd6 Qf6
15.Rac1 a5 16.Rfd1 g6 17.Qc7 Qg5 18.h4 Qb5 19.b3 Kg7 20.Bf3 Qb4 21.Rxd7 Bxd7
22.Qxd7 Rab8 23.Qd4+ Kg8 24.Qf6 b5 25.Ne5 Qd6 26.Ng4 h5 27.Nh6+ Kh7 28.Nxf7  1-0

[Event "Alushta-100"]
[Site "Alushta UKR"]
[Date "2002.04.19"]
[Round "?"]
[White "Khudyakov,A"]
[Black "Karjakin,Sergey"]
[Result "0-1"]
[WhiteElo "2168"]
[BlackElo "2489"]

1.Nf3 d5 2.c4 dxc4 3.Qa4+ Nc6 4.Qxc4 e5 5.d3 Bd6 6.g3 Nge7 7.Bg2 Be6 8.Qa4 f6
9.Nc3 Qd7 10.Ne4 Nf5 11.Nxd6+ cxd6 12.e4 Nfd4 13.Be3 Bh3 14.Bxh3 Nxf3+ 15.Ke2 Ncd4+  0-1

[Event "Open"]
[Site "Dubai UAE"]
[Date "2002.04.25"]
[Round "9"]
[White "Al Hadarani,H"]
[Black "Coleman,J"]
[Result "1-0"]
[WhiteElo "2351"]
[BlackElo "2137"]

1.Nf3 d5 2.c4 c6 3.e3 Nf6 4.b3 Bg4 5.Bb2 e6 6.h3 Bh5 7.Be2 Nbd7 8.a3 Bd6
9.g4 Bg6 10.g5 Nh5 11.h4 dxc4 12.bxc4 O-O 13.Ng1 Qb6 14.Bc3 Ng3 15.fxg3 Bxg3+
16.Kf1 f6 17.Kg2 Qc7 18.Rh3 Bd6 19.d4 fxg5 20.hxg5 e5 21.c5 Be7 22.Rg3 Bf7
23.Nd2 exd4 24.exd4 Rae8 25.Bd3 Bd5+ 26.Ndf3 Rf4 27.Qc2 Nf8 28.Rf1 Qd8 29.Nh3 Rh4
30.Kg1 Rh5 31.g6 h6 32.Nf4 Bxf3 33.Rfxf3 Rg5 34.Rxg5 Bxg5 35.Ng2 Ne6 36.Bc4 Kh8
37.Qf2 Bf6 38.Bxe6 Rxe6 39.Nf4 Re4 40.Nh5 Rg4+ 41.Kf1 Qd5 42.Qe2 Re4 43.Rxf6 gxf6
44.g7+ Kg8 45.Nxf6+ Kxg7 46.Nxe4 Qf5+ 47.Ke1 Qh3 48.d5+ Kg6 49.d6 h5 50.Kd2 Qe6
51.Qd3  1-0

[Event "ch-HUN Gp B"]
[Site "Balatonlelle HUN"]
[Date "2002.05.02"]
[Round "2"]
[White "Horvath,Cs"]
[Black "Acs,P"]
[Result "1/2-1/2"]
[WhiteElo "2539"]
[BlackElo "2529"]

1.Nf3 d5 2.c4 c6 3.e3 Nf6 4.Qc2 g6 5.b3 Bg7 6.Bb2 O-O 7.Be2 Na6 8.d3 Re8
9.Nbd2 Bf5 10.a3 Rc8 11.Rd1 b5 12.e4 Bg4 13.e5 Nd7 14.h3 Bxf3 15.Nxf3 Nc7
16.O-O Ne6 17.Rfe1 Qb6 18.b4 d4 19.c5 Qc7 20.Nxd4 Qxe5 21.Bg4 Nxd4 22.Rxe5 Nxc2
23.Bxd7 Bxe5 24.Bxe5 f6 25.Be6+ Kf8 26.Bb2 Rcd8 27.d4 Rxd4 28.Rxd4 Nxd4 29.Bxd4 Rd8
30.Be3 Rd3 31.Bf4 Ke8 32.Bc7 Rxa3 33.f4 Re3 34.f5 Re4 35.Ba5 Re5 36.g4 Re2
37.Bg8 gxf5 38.gxf5 h5 39.Be6  1/2-1/2

[Event "Mitropa Cup"]
[Site "Leipzig GER"]
[Date "2002.05.03"]
[Round "1"]
[White "Mohr,G"]
[Black "Moor,O"]
[Result "1-0"]
[WhiteElo "2509"]
[BlackElo "2346"]

1.Nf3 d5 2.c4 d4 3.g3 g6 4.Bg2 Bg7 5.O-O e5 6.d3 Ne7 7.b4 O-O 8.a4 a5 9.bxa5 Rxa5
10.Nbd2 Bd7 11.c5 Rxc5 12.Nc4 e4 13.Nfd2 exd3 14.exd3 Bc6 15.Ne4 Rd5 16.Ba3 Re8
17.Re1 Nf5 18.Qd2 Qc8 19.Na5 Rde5 20.Nxc6 Nxc6 21.Rab1 Nfe7 22.f4 Re6 23.Bh3 Nf5
24.Rb5 Nce7 25.Reb1 b6 26.a5 bxa5 27.Ng5 c6 28.Rb8 Qc7 29.Nxe6 fxe6 30.R1b7  1-0

[Event "Croatian Cup"]
[Site "Pula CRO"]
[Date "2002.05.07"]
[Round "1"]
[White "Kiss,At"]
[Black "Petrov,J"]
[Result "1/2-1/2"]
[WhiteElo "2366"]
[BlackElo "2435"]

1.Nf3 d5 2.c4 c6 3.b3 Bg4 4.Bb2 Bxf3 5.gxf3 e6 6.e3 Nf6 7.d3 Nbd7 8.f4 g6
9.Nd2 a5 10.a3 Bg7 11.Qc2 O-O 12.Be2 b5 13.Nf3 Rb8 14.O-O Ne8 15.Bxg7 Nxg7
16.Rfc1  1/2-1/2

[Event "Mitropa Cup"]
[Site "Leipzig GER"]
[Date "2002.05.08"]
[Round "6"]
[White "Mikhalchishin,A"]
[Black "Sedina,E"]
[Result "1/2-1/2"]
[WhiteElo "2535"]
[BlackElo "2407"]

1.Nf3 d5 2.c4 c6 3.e3 Nf6 4.Nc3 a6 5.a4 e6 6.d4 c5 7.Be2 Nc6 8.O-O cxd4 9.exd4 Be7
10.Ne5 dxc4 11.Nxc6 bxc6 12.a5 O-O 13.Bxc4 Rb8 14.Qe2 Bb4 15.Bxa6 Bxa5 16.Bxc8 Rxc8
17.Rd1 Bb4 18.Bg5  1/2-1/2

[Event "Croatian Cup"]
[Site "Pula CRO"]
[Date "2002.05.08"]
[Round "2"]
[White "Matic,Z"]
[Black "Vukelic,T"]
[Result "1-0"]
[WhiteElo "2186"]
[BlackElo "2297"]

1.Nf3 d5 2.c4 d4 3.d3 c5 4.e3 Nc6 5.exd4 cxd4 6.g3 Nf6 7.Bg2 h6 8.O-O Bg4
9.h3 Bh5 10.b4 Bxf3 11.Bxf3 Qd7 12.b5 Nd8 13.Bg2 e6 14.Nd2 Bb4 15.Nf3 O-O
16.Bb2 Bc5 17.Re1 a5 18.Qa4 Qd6 19.Rab1 Nd7 20.Bc1 Ra7 21.Bf4 Qe7 22.Qc2 b6
23.Qb2 Bb4 24.Re2 Bc3 25.Qc2 f6 26.Bd2 Bxd2 27.Qxd2 Qd6 28.Qb2 e5 29.Qd2 Ne6
30.Nh4 f5 31.Bd5 Kh7 32.Rbe1 Nec5 33.Nf3 Nf6 34.Rxe5 f4 35.g4 Nxd5 36.Rxd5 Qf6
37.Rf5 Qd6 38.Rd5 Qf6 39.Rxd4 Re7 40.Rxe7 Qxe7 41.Rd5 Kg8 42.Kh2 Qc7 43.Qe2 Rf6
44.Re5 Qd6 45.d4 Ne6 46.Qe4 Nc7 47.c5 bxc5 48.dxc5 Qd1 49.b6 Qf1 50.Qe2 Qxe2
51.Rxe2 Na6 52.b7 Rc6 53.Re8+ Kf7 54.Ra8 Rxc5 55.Rxa6 Rb5 56.Rxa5 Rxb7 57.Rf5+ Ke6
58.Rxf4 Rb2 59.Re4+ Kf6 60.a4 Rxf2+ 61.Kg3  1-0

[Event "59th ch-POL"]
[Site "Warsaw POL"]
[Date "2002.05.09"]
[Round "10"]
[White "Markowski,T"]
[Black "Stryjecki,M"]
[Result "1-0"]
[WhiteElo "2538"]
[BlackElo "2456"]

1.Nf3 d5 2.c4 c6 3.e3 Nf6 4.Nc3 a6 5.b3 Bg4 6.Be2 Nbd7 7.Bb2 e6 8.O-O Bd6
9.h3 Bh5 10.d3 O-O 11.a3 b5 12.cxd5 cxd5 13.b4 Bxf3 14.Bxf3 Ne5 15.Be2 Qb6
16.Nb1 Nc6 17.Nd2 d4 18.e4 a5 19.bxa5 Rxa5 20.a4 Rfa8 21.axb5 Rxa1 22.Bxa1 Qxb5
23.Nc4 Bb4 24.Qb1 Nd7 25.Rc1 e5 26.Bb2 Nc5 27.Qc2 Ra2 28.Qb1 Ra8 29.Ba3 Na4
30.Nd6 Qb6 31.Rxc6 Qxc6 32.Qxb4 Qc3 33.Qb7 Rf8 34.Nb5 Qe1+ 35.Bf1 Nc3 36.Nxc3 dxc3
37.Bxf8 Kxf8 38.Qb8+ Ke7 39.Qxe5+ Kd7 40.Qd5+ Ke7 41.Qb7+ Ke8 42.Qc8+ Ke7
43.Qc7+ Ke8 44.d4 g6  1-0

[Event "FSGM May"]
[Site "Budapest HUN"]
[Date "2002.05.12"]
[Round "9"]
[White "Nyback,T"]
[Black "Gonda,L"]
[Result "1-0"]
[WhiteElo "2420"]
[BlackElo "2359"]

1.Nf3 d5 2.c4 c6 3.b3 Nf6 4.Bb2 Bg4 5.e3 e6 6.Be2 Nbd7 7.d3 Bd6 8.h3 Bxf3
9.Bxf3 O-O 10.O-O Qe7 11.a3 b5 12.Qc2 Rac8 13.Rc1 bxc4 14.bxc4 Rb8 15.Nd2 e5
16.Rcb1 h6 17.d4 e4 18.Be2 Qe6 19.c5 Bc7 20.Qa4 g5 21.Bc3 Rxb1+ 22.Rxb1 Bb8
23.Nb3 g4 24.hxg4 Nxg4 25.Bxg4 Qxg4 26.Qxc6 Qh4 27.Nd2 Nf6 28.Nf1 Ng4 29.g3 Qg5
30.Ba5 Qf5 31.Rb2 Rc8 32.Qb7 Kg7 33.c6 Bd6 34.Qd7  1-0

[Event "Open"]
[Site "Pula CRO"]
[Date "2002.05.14"]
[Round "4"]
[White "Rukavina,J"]
[Black "Zaja,I"]
[Result "1/2-1/2"]
[WhiteElo "2368"]
[BlackElo "2459"]

1.Nf3 d5 2.c4 e6 3.g3 dxc4 4.Bg2 a6 5.a4 Nc6 6.Qc2 Na5 7.Na3 Bxa3 8.bxa3 Nf6
9.Bb2 b5 10.Rb1 Rb8 11.O-O Bb7 12.Rfd1 Be4 13.d3 cxd3 14.exd3 Bd5 15.Bxf6 gxf6
16.axb5 axb5 17.Qc5 c6 18.Rb4 Qe7 19.Qc3 c5 20.Rg4 Nc6 21.Rc1 b4 22.axb4 cxb4
23.Qd2 h5 24.Rh4 b3 25.Qb2 Nb4 26.Ne1 Bxg2 27.Kxg2 Qb7+ 28.Kg1 Nd5 29.Ng2 Qa6
30.Nf4 Qa2 31.Rb1 Qxb2 32.Rxb2 Nc3 33.Kf1 Ke7 34.Ne2 Nxe2 35.Kxe2 Rb5 36.Kd2 Rhb8
37.Kc3 Kd6 38.Rf4 f5 39.Rh4 Re8 40.Kd2 Rh8 41.Kc3 Re8 42.Rc4 Reb8 43.Rh4  1/2-1/2

[Event "Tanta Open"]
[Site "Tanta City EGY"]
[Date "2002.05.14"]
[Round "2"]
[White "Hakki,I"]
[Black "Sarwat,W"]
[Result "1/2-1/2"]
[WhiteElo "2431"]
[BlackElo "2402"]

1.Nf3 d5 2.c4 c6 3.e3 Nf6 4.Nc3 dxc4 5.Bxc4 b5 6.Bb3 e6 7.O-O Be7 8.d4 Nbd7
9.a4 b4 10.Nb1 a5 11.Nbd2 c5 12.e4 cxd4 13.e5 Ng4 14.Nc4 Ba6 15.h3 Bxc4 16.Bxc4 Ngxe5
17.Nxe5 Nxe5 18.Bb5+ Kf8 19.Re1 Bd6 20.Re4 Qb6 21.Bf4 f6 22.Rxd4 Rd8 23.Rc1 Kf7
24.Bxe5 Bxe5 25.Rd7+ Rxd7 26.Qxd7+ Kg6 27.Bd3+ Kh6 28.Rc4 Bg3 29.Qd4 Qxd4
30.Rxd4  1/2-1/2

[Event "Tanta Open"]
[Site "Tanta City EGY"]
[Date "2002.05.15"]
[Round "3"]
[White "El Ghazali,Y"]
[Black "Halkias,S"]
[Result "0-1"]
[WhiteElo "2303"]
[BlackElo "2566"]

1.Nf3 d5 2.c4 e6 3.g3 Nf6 4.Bg2 dxc4 5.Qa4+ c6 6.Qxc4 b5 7.Qc2 Bb7 8.d4 Nbd7
9.Ne5 Rc8 10.O-O Be7 11.Rd1 O-O 12.Nc3 a6 13.Bg5 Rc7 14.Rac1 h6 15.Bxf6 Bxf6
16.Ne4 Bxe5 17.dxe5 Qe7 18.f4 c5 19.Qd2 Bxe4 20.Bxe4 c4 21.Qd6 Nc5 22.Bf3 Rfc8
23.b4 Na4 24.a3 Ra7 25.Kg2 Kf8 26.Rc2 g6 27.Rd4 Qxd6 28.Rxd6 Ke7 29.Kf2 Rd8
30.Rxd8 Kxd8 31.Rd2+ Ke7 32.Ke3 a5 33.Bc6 Nc3 34.bxa5 Rxa5 35.Kd4 Rxa3 36.Rc2 Ra6
37.Kc5 Rxc6+ 38.Kxc6 b4 39.Rd2 b3  0-1

[Event "52nd ch-RUS w"]
[Site "Elista RUS"]
[Date "2002.05.16"]
[Round "7"]
[White "Chasovnikova,E"]
[Black "Zaiatz,E"]
[Result "1/2-1/2"]
[WhiteElo "2222"]
[BlackElo "2346"]

1.Nf3 d5 2.c4 e6 3.d4 Nf6 4.Nc3 dxc4 5.e3 a6 6.Bxc4 c5 7.O-O b5 8.Bb3 Nbd7
9.e4 cxd4 10.Nxd4 Nc5 11.e5 Nfd7 12.Bf4 g5 13.Nxe6 Nxe6 14.Bxe6 gxf4 15.Qh5 Nxe5
16.Qxe5 Bxe6 17.Qxh8 f3 18.g3 Qg5 19.Ne4 Qg6 20.Rfe1 Rd8 21.Qxh7 Qxh7 22.Nf6+ Ke7
23.Nxh7 Bh6 24.h4 f6 25.a4 b4 26.Re4 Bd2 27.Rd1 Rd6 28.g4 Kf7 29.h5 Bb3 30.Rxd2 Rxd2
31.Rxb4 Bc2 32.Rb7+ Ke6 33.Nf8+ Ke5 34.Ng6+ Bxg6 35.hxg6 Rd4 36.g7 Rxg4+
37.Kf1 a5 38.Ke1 Rg2 39.Ra7 Ke4 40.Kf1 Rg5 41.Rxa5 Rxg7 42.Rb5 Rc7 43.Rb4+ Ke5
44.Ke1 f5 45.a5 Rc1+ 46.Kd2 Ra1 47.Rb5+ Ke4 48.Kc3 f4 49.b3 Rxa5 50.Rb4+ Ke5
51.Rd4 Rc5+ 52.Rc4 Ra5 53.Kb2 Rd5 54.Rc2 Rd3 55.Ka3 Kd5 56.Ka4 Rd1 57.b4 Re1
58.Rc3 Re2 59.Rxf3 Ke4 60.Ra3 Rxf2 61.b5 Rb2 62.Ka5 f3 63.Ra1 f2 64.b6 Ke3
65.Rf1  1/2-1/2

[Event "9th RUS-chT"]
[Site "Ekaterinburg RUS"]
[Date "2002.05.17"]
[Round "1"]
[White "Kravtsov,S"]
[Black "Rodin,M"]
[Result "1/2-1/2"]
[WhiteElo "2375"]
[BlackElo "2374"]

1.Nf3 d5 2.c4 e6 3.g3 c6 4.Bg2 dxc4 5.a4 Nf6 6.O-O Na6 7.Qc2 b5 8.b3 Nb4
9.Qd1 cxb3 10.Qxb3 Bb7 11.Bb2 a6 12.Ne5 Rb8 13.Rc1 c5 14.Bxb7 Rxb7 15.axb5 axb5
16.Qf3 Nfd5  1/2-1/2

[Event "4th Borowski C"]
[Site "Essen GER"]
[Date "2002.05.17"]
[Round "2"]
[White "Henrichs,T"]
[Black "Klovans,J"]
[Result "1/2-1/2"]
[WhiteElo "2459"]
[BlackElo "2431"]

1.Nf3 d5 2.c4 e6 3.g3 Nf6 4.Bg2 dxc4 5.Qa4+ Nbd7 6.Qxc4 c5 7.Qb3 Rb8 8.a4 b6
9.d3 Bd6 10.Na3 a6 11.O-O Bb7 12.Nc4 Bc7 13.Bd2 O-O 14.Qa3 Nd5 15.e4 Ne7
16.b4 b5 17.axb5 axb5 18.Ne3  1/2-1/2

[Event "Open A"]
[Site "Ostrava CZE"]
[Date "2002.05.19"]
[Round "2"]
[White "Vysoglad,P"]
[Black "Pardy,M"]
[Result "1-0"]
[WhiteElo "2154"]
[BlackElo "2009"]

1.Nf3 d5 2.c4 c6 3.b3 Nf6 4.Bb2 g6 5.d4 Bg7 6.Nbd2 O-O 7.e3 Re8 8.h3 Nbd7
9.Bd3 Nh5 10.Ne5 Qc7 11.g4 Bxe5 12.gxh5 Bg7 13.hxg6 fxg6 14.cxd5 cxd5 15.f4 e5
16.fxe5 Nxe5 17.dxe5 Bxe5 18.Bxe5 Qxe5 19.Nf1 Qc3+ 20.Kf2 Qf6+ 21.Kg2 Rf8
22.Rh2 Bd7 23.Kg1 Qg5+ 24.Kh1 Rae8 25.Rc1 Bc6 26.h4 Qe5 27.h5 d4+ 28.Rxc6 bxc6
29.Bc4+ Kg7 30.Qxd4 Qxd4 31.exd4 Rf4 32.hxg6 hxg6 33.Rd2 Rd8 34.Kg2 Rfxd4
35.Re2 R8d7 36.a4 Rg4+ 37.Ng3 Rgd4 38.Re8 Rd8 39.Re6 Rd2+ 40.Kf3 Rf8+ 41.Ke3 Rd7
42.Ne4 Rc8 43.a5 Rcc7 44.Nf6  1-0

[Event "ch-CZE"]
[Site "Ostrava CZE"]
[Date "2002.05.19"]
[Round "4"]
[White "Chytilek,R"]
[Black "Berezjuk,S"]
[Result "0-1"]
[WhiteElo "2390"]
[BlackElo "2430"]

1.Nf3 d5 2.c4 e6 3.g3 c5 4.Bg2 Nf6 5.O-O Be7 6.cxd5 exd5 7.d4 O-O 8.Nc3 Nc6
9.Bg5 c4 10.Ne5 Be6 11.b3 Qa5 12.Nxc6 bxc6 13.Qc2 Rab8 14.Bf4 Rbc8 15.Na4 Nd7
16.Bd2 Qa6 17.b4 Rb8 18.a3 Qc8 19.Bf4 Ra8 20.Nc3 Nf6 21.e4 a5 22.Rab1 axb4
23.axb4 Rd8 24.Rfd1 Qd7 25.f3 h6 26.Rb2 Ra3 27.b5 cxb5 28.Nxb5 Rb3 29.Nc7 Rxb2
30.Qxb2 dxe4 31.fxe4 Bg4 32.Rd2 Rc8 33.Nb5 Nh5 34.Nc3 Nxf4 35.gxf4 Qa7 36.h3 Be6
37.Kh2 Rb8 38.Qc2 Rb3 39.d5 Qe3 40.Ne2 Bxh3 41.d6 Bxg2 42.Qxb3 cxb3 43.dxe7 Qxd2
44.e8=Q+ Kh7 45.Qe5 Qc2 46.Qf5+ Kg8 47.Kg3 Bxe4  0-1

[Event "ch-CZE"]
[Site "Ostrava CZE"]
[Date "2002.05.20"]
[Round "5"]
[White "Kalod,R"]
[Black "Haba,P"]
[Result "0-1"]
[WhiteElo "2472"]
[BlackElo "2493"]

1.Nf3 d5 2.c4 c6 3.e3 Nf6 4.Nc3 e6 5.b3 Nbd7 6.Qc2 Bd6 7.Bb2 O-O 8.d4 dxc4
9.Bxc4 a6 10.O-O Qe7 11.h3 c5 12.dxc5 Bxc5 13.Bd3 Ba3 14.Bxa3 Qxa3 15.Rac1 b6
16.Rfd1 Bb7 17.Bxh7+ Nxh7 18.Rxd7 Bxf3 19.gxf3 Rac8 20.Qd2 Qa5 21.h4 Qh5
22.Kg2 Qxh4 23.Rd4 Qg5+ 24.Kf1 Qh5 25.Ke2 Ng5 26.Rg4 Nxf3 27.Nd5 exd5 28.Kxf3 Rxc1
29.Qb2 Qf5+ 30.Kg3 Rg1+  0-1

[Event "IHEM"]
[Site "Hamburg GER"]
[Date "2002.05.22"]
[Round "5"]
[White "Wendt,J"]
[Black "Putzbach,G"]
[Result "0-1"]
[WhiteElo "2285"]
[BlackElo "2242"]

1.Nf3 d5 2.c4 dxc4 3.Na3 c5 4.Nxc4 Nc6 5.g3 f6 6.Bg2 e5 7.O-O Nh6 8.b3 Be6
9.Bb2 Be7 10.e3 Qd3 11.Rc1 Rd8 12.Rc3 Qd7 13.d4 cxd4 14.exd4 Nf5 15.Rc1 Nfxd4
16.Bxd4 exd4 17.Re1 Bb4 18.Qe2 Bxe1 19.Rxe1 Kf7 20.Ng5+ fxg5 21.Bxc6 Qe7
22.Ne5+ Kg8 23.Bb5 Bd5 24.Bc4 g6 25.Qd2 Bxc4 26.Nc6 Qf6 27.Nxd8 Bd5 28.h4 gxh4
29.Qa5 Qf3 30.Re8+ Kg7 31.Ne6+ Bxe6 32.Qe5+ Kh6 33.Rxh8 h3 34.Qf4+ Qxf4 35.gxf4 Bf5
36.Rd8 d3 37.Kh2 Kg7 38.Kg3 Kf6 39.Rd4 h6 40.f3 Ke7 41.Kf2 a6 42.Kg3 g5 43.fxg5 hxg5
44.Kf2 Ke6 45.Rd8 Ke5 46.Ke3 g4 47.fxg4 Bxg4 48.Rh8 d2 49.Kxd2 Kf4 50.Kc3 Kg3
51.Kb4 h2 52.Rxh2 Kxh2 53.Ka5 Kg3 54.a4 Kf4 55.b4 Ke5 56.Kb6 Bf3 57.b5 axb5
58.Kxb5 Be2+  0-1

[Event "Open A"]
[Site "Ostrava CZE"]
[Date "2002.05.23"]
[Round "7"]
[White "Pisk,P"]
[Black "Bures,M"]
[Result "1-0"]
[WhiteElo "2365"]
[BlackElo "2205"]

1.Nf3 d5 2.c4 e6 3.e3 c6 4.b3 Nd7 5.Bb2 f5 6.h3 Ndf6 7.Ne5 h5 8.Ng6 Rh6 9.Nxf8 Kxf8
10.Nc3 h4 11.Qc2 Bd7 12.O-O-O Ne7 13.g3 hxg3 14.fxg3 Qc7 15.Rg1 Rg6 16.g4 fxg4
17.hxg4 Rg5 18.Rh1 Kf7 19.Be2 Rf8 20.Na4 e5 21.cxd5 Nexd5 22.Ba3 Rd8 23.Rdf1 b6
24.Rh5 Rxh5 25.gxh5 e4 26.Qxe4 Qh2 27.Bc4 Re8 28.Qg6+ Ke6 29.Qf5+ Kf7 30.Qxd7+ Kg8
31.Rxf6 Qh1+ 32.Rf1 Qe4 33.Bxd5+ cxd5 34.Qf7+ Kh8 35.Qxe8+ Qxe8 36.Rf8+ Qxf8
37.Bxf8 Kh7 38.Nc3 Kh6 39.Nxd5 Kxh5 40.Bxg7 Kg4 41.Kc2 Kg3 42.Kc3 Kg2 43.d3 Kh1  1-0

[Event "IHEM"]
[Site "Hamburg GER"]
[Date "2002.05.25"]
[Round "8"]
[White "Trisic,A"]
[Black "Mueller,Ka"]
[Result "0-1"]
[WhiteElo "2306"]
[BlackElo "2530"]

1.Nf3 d5 2.c4 c6 3.b3 Bg4 4.Bb2 Nd7 5.g3 Bxf3 6.exf3 Ngf6 7.Bg2 e6 8.O-O Qb6
9.d3 O-O-O 10.Qc2 Bc5 11.Nc3 Qc7 12.f4 h5 13.a3 h4 14.b4 Bd6 15.c5 Be7 16.d4 Ng4
17.h3 Nh6 18.Qd3 hxg3 19.fxg3 Nf5 20.Ne2 Nf6 21.Bc1 Ne4 22.g4 Nh4 23.Bxe4 dxe4
24.Qxe4 Qd7 25.f5 exf5 26.gxf5 Bf6 27.Bb2 Rde8 28.Qd3 Rh5 29.Ng3 Rg5 30.Rf4 Be5
31.Rg4 Qd5 32.Ne4 Rxg4+ 33.hxg4 Bxd4+  0-1

[Event "Open A"]
[Site "Ostrava CZE"]
[Date "2002.05.26"]
[Round "10"]
[White "Pisk,P"]
[Black "Pokorny,P"]
[Result "1-0"]
[WhiteElo "2365"]
[BlackElo "2263"]

1.Nf3 d5 2.c4 c6 3.b3 Bg4 4.e3 Nd7 5.Bb2 e6 6.Be2 Ngf6 7.O-O Bd6 8.d4 O-O
9.Nbd2 Qb8 10.h3 Bh5 11.Rc1 Rc8 12.Ne1 Bxe2 13.Qxe2 Rc7 14.Nd3 b5 15.c5 Bf8
16.f3 a5 17.g4 a4 18.b4 Rca7 19.Qg2 g6 20.e4 Ne8 21.Rce1 Bg7 22.e5 Kf8 23.Qf2 h6
24.f4 Ke7 25.Qh4+ Kf8 26.f5 g5 27.Qf2 Kg8 28.fxe6 fxe6 29.Qf7+ Kh8 30.Qxe6 Nf8
31.Qxc6 Qd8 32.e6 Ra6 33.e7 Qb8 34.exf8=Q+ Bxf8 35.Qxd5  1-0

[Event "Open"]
[Site "Lido Estensi ITA"]
[Date "2002.06.14"]
[Round "7"]
[White "Rebers,E"]
[Black "Opacic,A"]
[Result "1-0"]
[WhiteElo "2342"]
[BlackElo "2098"]

1.Nf3 d5 2.c4 c6 3.b3 Bf5 4.Bb2 Nf6 5.g3 Nbd7 6.Bg2 e6 7.O-O Bd6 8.d3 O-O
9.Nbd2 e5 10.cxd5 cxd5 11.e4 Be6 12.exd5 Bxd5 13.Nc4 Bxc4 14.dxc4 Qc7 15.Qc2 Rfe8
16.Rae1 Rad8 17.Re2 Nf8 18.Qf5 Qd7 19.Nh4 b6 20.Rd1 Qc7 21.Qf3 Bc5 22.Rxd8 Qxd8
23.Rxe5 Ne6 24.Nf5 Qd2 25.Qe2 Rd8 26.Bf3 Qxe2 27.Rxe2 Ng5 28.Kg2 Ne6 29.Bxf6 gxf6
30.Bd5 Nc7 31.Rd2 Kf8 32.f3 Ne6 33.Kf1 Bb4 34.Rd3 Ng7 35.Nd4 Bc5 36.Nc6 Re8
37.b4 Be3 38.Nxa7 Bc1 39.g4 f5 40.Nb5 Bf4 41.a4 Bxh2 42.a5 bxa5 43.bxa5 Bg3
44.a6 Ne6 45.Re3 Bb8 46.gxf5 Nc5 47.Rxe8+ Kxe8 48.a7 Bxa7 49.Nxa7 Ke7 50.Nb5 Kf6
51.Nd6 Ke5 52.Ne4 Nd3 53.f6 h5 54.Bxf7 h4 55.Bd5 Nf4 56.f7 Ng6 57.Kg2 h3+
58.Kxh3 Nf8 59.Ng5  1-0

[Event "3rd IECC"]
[Site "Batumi GEO"]
[Date "2002.06.23"]
[Round "11"]
[White "Socko,B"]
[Black "Volkov,S"]
[Result "0-1"]
[WhiteElo "2564"]
[BlackElo "2609"]

1.Nf3 d5 2.c4 c6 3.e3 Nf6 4.Nc3 a6 5.b3 Bg4 6.h3 Bxf3 7.Qxf3 e5 8.Bb2 Bb4
9.a3 Ba5 10.b4 Bc7 11.d3 O-O 12.g4 d4 13.exd4 exd4 14.Ne2 Nbd7 15.Bxd4 Be5
16.Qe3 Re8 17.f4 Bxd4 18.Qxd4 a5 19.Bg2 axb4 20.Bf3 bxa3 21.g5 Qa5+ 22.Kf1 Rad8
23.Qc3 Qxc3 24.Nxc3 Nc5 25.Rxa3 Nfd7 26.d4 Ne6 27.d5 Nd4 28.Kf2 Nxf3 29.Kxf3 Nb6
30.Raa1 Nxc4 31.Rhe1 h6 32.gxh6 Rxe1 33.Rxe1 cxd5 34.hxg7 d4 35.Ne4 Kxg7
36.Rg1+ Kh8 37.Rb1 f5 38.Ng5 Rd7 39.Kf2 d3 40.Nf3 Kg7 41.Ne5 Nxe5 42.fxe5 d2
43.Ke2 d1=Q+ 44.Rxd1 Rxd1 45.Kxd1 Kf7  0-1

[Event "13th Open"]
[Site "Ljubljana SLO"]
[Date "2002.06.23"]
[Round "2"]
[White "Gruskovnjak,T"]
[Black "Sivic,K"]
[Result "1-0"]
[WhiteElo "2268"]
[BlackElo "2077"]

1.Nf3 d5 2.c4 e6 3.g3 c6 4.b3 Bd6 5.Bb2 Nf6 6.Bg2 O-O 7.O-O Nbd7 8.d4 Ne4
9.Nfd2 f5 10.Nxe4 fxe4 11.f3 exf3 12.exf3 dxc4 13.bxc4 e5 14.Qe2 Re8 15.c5 Bc7
16.Qc4+ Kh8 17.Nc3 exd4 18.Ne4 b6 19.f4 bxc5 20.Ng5 Ne5 21.Qc2 d3 22.Qc3 Qe7
23.Rae1 Bg4 24.Rxe5 Bxe5 25.Qxd3 Qxg5 26.fxg5 Bxb2 27.Bxc6 Rad8 28.Bxe8 Rxe8
29.Qe4  1-0